Statistiken für Serien Charaktere mit Bildern - Wie heißt die Figur?

Klicken Sie hier um das Quiz zu spielen!

Allgemein

  • Dieses Quiz wurde 391 mal gespielt
  • Das Durchschnittsergebnis liegt bei 8 aus 20

Antwortstatistiken

Antwort% Korrekt
Homer Simpson
96%
Alf
89%
Sheldon Cooper
83%
Barney Stinson
80%
Dr. Gregory House
75%
Peter Griffin
67%
Temperance Brennan
48%
Lorelai Gilmore
35%
Dustin Henderson
31%
Clark Kent
29%
Jerry Seinfeld
27%
Steve Urkel
26%
Jeannie
20%
Roseanne Conner
18%
Kelly Bundy
16%
J.R. Ewing
14%
Sabrina Spellman
11%
Piper Chapman
8%
Olivia Benson
5%
Liz Lemon
2%

Verteilung der Resultate

Perzentil nach korrekt beantworteten Fragen

Anzahl Personen mit jedem Resultat

Ihre Resultats-Entwicklung

Sie haben dieses Quiz noch nicht gespielt